|
|
|
|
| LEADER |
00000cam a2200000 a 4500 |
| 001 |
vtls001428192 |
| 003 |
SK-MaSNL |
| 005 |
20260301162557.0 |
| 008 |
240318s2001 xo a bra 000 j slo |
| 015 |
|
|
|a SNBA2002/04-01356
|
| 020 |
|
|
|a 8006011117
|
| 035 |
|
|
|a SNK000383184
|
| 035 |
|
|
|a urn:nbn:sk:snk-amknxr
|
| 035 |
|
|
|a urn:nbn:sk:snk-am003nx8
|
| 035 |
|
|
|a C0E33CBB-66C8-46FE-8E8D-14ADF8DEEC8E
|
| 040 |
|
|
|a SNK
|b slo
|c SNK
|e AACR2
|
| 041 |
1 |
|
|a slo
|h eng
|
| 044 |
|
|
|a xo
|c SK
|
| 080 |
|
|
|a 820-3(087.5)
|2 1981
|
| 100 |
1 |
|
|a Dale, Jenny
|4 aut
|9 65480
|
| 240 |
1 |
0 |
|a Teacher's pet
|l Slovensky
|
| 245 |
1 |
0 |
|a Najneposlušnejší pes na svete
|c Jenny Dale ; preložila Miroslava Jaurová
|
| 260 |
|
|
|a [Bratislava
|b Mladé letá
|c 2001]
|
| 300 |
|
|
|a 127 s.
|c 21 cm
|
| 490 |
1 |
|
|a Psia hliadka
|
| 500 |
|
|
|a Preložené z angličtiny
|
| 655 |
|
7 |
|a anglické príbehy
|2 SNKPH
|9 70612
|
| 655 |
|
7 |
|a príbehy o zvieratách
|2 SNKPH
|9 278146
|
| 655 |
|
7 |
|a príbehy pre deti
|2 SNKPH
|9 86749
|
| 655 |
|
7 |
|a literatúra pre deti
|2 SNKPH
|9 87135
|
| 700 |
1 |
|
|a Jaurová, Miroslava
|4 trl
|9 213237
|
| 830 |
|
0 |
|a Psia hliadka
|9 304343
|
| 852 |
|
|
|a Slovenská národná knižnica
|
| 919 |
|
|
|a 80-06-01111-7
|
| 954 |
|
|
|a beletria cudzojazyčná (svetová)
|2 lita
|
| 958 |
|
|
|a TL
|
| 958 |
|
|
|a UP
|
| 958 |
|
|
|a LX
|
| 958 |
|
|
|a GB
|
| 958 |
|
|
|a DB
|
| 958 |
|
|
|a NS
|
| 968 |
|
|
|b ENG
|
| 999 |
|
|
|c 813739
|d 815669
|
| 952 |
|
|
|t P60, <03>, [BOOK], {603}
|a SNK
|b SNK
|y PREZ
|7 0
|p 17A0331456
|o snkSC 107241
|i snkKSP 1568/2002
|0 0
|1 0
|4 0
|d 2002-01-31
|f 1
|l 0
|r 2025-09-26 00:00:00
|w 2026-02-24
|
| 952 |
|
|
|t P60, <04>, [BOOK], {604}
|a SNK
|b SNK
|y VYP
|7 0
|p 17A0336250
|o snkSC 107241 D1
|i snkKSP 2753/2002
|0 0
|1 0
|4 0
|d 2002-03-08
|l 0
|r 2005-01-02 00:00:00
|w 2026-02-24
|